00358nam a2200145Ia 4500008004100000020001500041041001200056082001700068100001500085245003500100260003800135300000800173650001500181700001600196221030s9999 xx 000 0 und d a8185095736 aEnglish a105.23bMani aH. S. Mani 0aIntroduction to Modern Physics bEast- West PressaNew Delhic2002 a443 aBB Physics aG. K. Mehta